|
|
|
|
| LEADER |
00926nam a22002171 4500 |
| 001 |
c000358706 |
| 003 |
CARM |
| 005 |
00000000000000.0 |
| 008 |
851113s1979 enk 0 eng d |
| 019 |
1 |
|
|a 4126187
|5 LACONCORD2021
|
| 035 |
|
|
|a (OCoLC)218783935
|5 LACONCORD2021
|
| 100 |
1 |
|
|a Stilwell, J. A.
|
| 245 |
1 |
0 |
|a Workbook to accompany the fifth edition of an introduction to positive economics :
|b J.A.Stilwell, Richard G.Lipsey, and Rosemary Clarke.
|
| 260 |
|
|
|a Lond. :
|b Weidenfeld and Nicholson,
|c 1979.
|
| 500 |
|
|
|a Introduction to positive economics by R.G.Lipsey only.
|
| 650 |
|
0 |
|a Economics
|x Problems, exercises, etc.
|
| 700 |
1 |
|
|a Lipsey, Richard G.,
|d 1928-
|
| 852 |
8 |
|
|b CARM
|h A1:AO14D0
|i F02433
|p 0400809
|f BK
|
| 082 |
0 |
4 |
|a 330.076
|
| 999 |
f |
f |
|i 91239425-bff8-513d-86e2-1473f02a008f
|s bee5e36c-6893-53ce-8ba7-9a07dc5d16f7
|
| 952 |
f |
f |
|p Can circulate
|a CAVAL
|b CAVAL
|c CAVAL
|d CARM 1 Store
|e F02433
|f A1:AO14D0
|h Other scheme
|i book
|m 0400809
|